New Landscape 1 Urban and ecological landscape (Record no. 5936)

000 -LEADER
fixed length control field 00268nam a2200109Ia 4500
008 - FIXED-LENGTH DATA ELEMENTS--GENERAL INFORMATION
fixed length control field 200302s9999 xx 000 0 und d
100 ## - MAIN ENTRY--PERSONAL NAME
Personal name J Tart
245 ## - TITLE STATEMENT
Title New Landscape 1 Urban and ecological landscape
260 ## - PUBLICATION, DISTRIBUTION, ETC.
Name of publisher, distributor, etc. J Tart Publishing
260 ## - PUBLICATION, DISTRIBUTION, ETC.
Date of publication, distribution, etc. 2013
300 ## - PHYSICAL DESCRIPTION
Extent 257
Holdings
Withdrawn status Lost status Damaged status Not for loan Permanent Location Current Location Date acquired Cost, normal purchase price Barcode Date last seen Price effective from Koha item type
        BMS College of Architecture, Design and Planning BMS College of Architecture, Design and Planning 2020-03-03 4350.50 AR-PG33 2020-03-03 2020-03-03 PG Books
Copyright © 2025, The Librarian, Library and Information Centre, BMSCA D&P, Bengaluru. All Rights Reserved
web counter

Powered by Koha